Statistiques concernant Pays finissant par 2 voyelles

Cliquez ici pour prendre le quiz!

Statistiques générales

  • Ce quiz a été pris 300 fois
    (216 depuis la dernière actualisation)
  • Le résultat moyen est 41 sur 58

Statistiques - réponses

Pays% Correct
-Russie
93%
-Australie
90%
-Algérie
89%
-Estonie
86%
-Italie
85%
-Lettonie
85%
-Lituanie
85%
-Biélorussie
83%
-Tunisie
83%
-Turquie
83%
-Bolivie
82%
-Libye
82%
-Paraguay
81%
-Colombie
80%
-Slovaquie
80%
-Uruguay
80%
-Bulgarie
79%
-Guinée
79%
-Slovénie
79%
-Croatie
78%
-Arménie
77%
-Roumanie
77%
-Albanie
76%
-Hongrie
75%
-Serbie
75%
-Mongolie
74%
-Géorgie
73%
-Moldavie
73%
-Syrie
73%
-Mauritanie
72%
-Namibie
72%
-Pérou
71%
-Zambie
71%
-Tanzanie
70%
-Érythrée
69%
-Éthiopie
68%
-Indonésie
68%
-Somalie
67%
-Birmanie
66%
-Gambie
66%
-Guinée-Bissau
66%
-Malaisie
66%
-Jordanie
65%
-Mexique
64%
-Belgique
63%
-Nigeria
63%
-République Tchèque
62%
-Samoa
61%
-Jamaïque
57%
-Kenya
57%
-Papouasie Nouvelle-Guinée
56%
-Mozambique
55%
-Sainte-Lucie
54%
-Brunei
53%
-Libéria
53%
-Nicaragua
53%
-Dominique
48%
-Micronésie
48%

Distribution des résultats

Percentile par nombre de réponses

% des personnes avec chaque résultat

Votre développement - résultats

Vous n’avez pas pris ce quiz depuis la dernière actualisation